| 000 | 01387nam a22003497a 4500 | ||
|---|---|---|---|
| 001 | 000476 | ||
| 003 | DO-SdBNP | ||
| 005 | 20160920134108.0 | ||
| 007 | 000476 | ||
| 008 | 160906b 2007 mx ||||| |||| 00| 0 spa d | ||
| 020 | _a9707702885 | ||
| 040 |
_aBPMSU _bspa _cBPMSU |
||
| 082 |
_a332.024 _bK626h |
||
| 100 | 1 |
_aKiyosaki, Robert T. _d1947- |
|
| 240 | 1 | 0 |
_aRich dud's success stories. _lEspañol. |
| 245 | 1 | 0 |
_aHistorias de éxito : _bexperiencias verdaderas de personas que siguieron las lecciones del Padre Rico / _cRobert T. Kiyosaki ; con Sharon L. Lechter ; traducción, María Andrea Giovine. |
| 260 |
_aMéxico, D. F. : _bAguilar, _c2005 |
||
| 300 |
_a328 p. ; _c23 cm. |
||
| 490 | 1 | _aPadre Rico | |
| 500 | _aTercera reimpresión: abril de 2007 | ||
| 500 | _aIncluye datos de los autores. | ||
| 505 |
_tCómo practicas el juego -- _tDónde has estado, a dónde puedes ir -- _tUn enfoque diferente -- _tNunca se es demasiado joven para alcanzar el éxito financiero -- _tUna nueva forma de hacer negocios -- _tSucesos que cambian la vida. |
||
| 650 | 4 | _aFINANZAS PERSONALES | |
| 650 | 4 | _aÉXITO EN LOS NEGOCIOS | |
| 650 | 4 | _aINVERSIONES | |
| 700 | 1 | 2 | _aLechter, Sharon L. |
| 700 | 1 | 2 |
_aGiovine, María Andrea, _etr. |
| 830 | 0 | _aPadre Rico | |
| 910 | _aValidado. Control de calidad MFF | ||
| 942 |
_2ddc _cBK |
||
| 956 |
_2LOPEREZ _310 _620160906 _8BPMSU _a00041 |
||
| 999 |
_c11335 _d11335 |
||